00969nam a2200265Ia 4500001000900000003000500009005001700014008004100031010001100072040000900083082002000092100002000112245015100132260003700283300001100320400001900331500005800350503007800408504002800486650002100514650002500535650002300560650004800583700007200631dia_1557CHAP20251023151800.0220117s1965 xx 000 0 und d a172101 cCHAP a621.56 S76 1965 aStoecker, W. F. aRefrigeración y acondicionamiento de aire /c W. F. Stoecker ; traducción José Seijas Domínguez ; colaboración Doroteo Sanguino Muñoz aMéxico :b McGraw-Hill,c1965 a406 p. aGRAFS. ANEXOS. aTítulo original: Refrigeration and air conditioning aI. 72302 (ej. 1) \ I. 72300 (ej. 3) \ I. 72301 (ej. 4) \ I. 72299 (ej. 5) aIncluye bibliografías aAir conditioning aAire acondicionado  aRefrigeración  aRefrigeration and refrigerating machinery  aSeijas Domínguez, José, tr. / Sanguino Muñoz, Doroteo, colab.